All Alan Rickman films - Statistics

General Stats
  • This quiz has been taken 129 times
    128 since last reset
  • The average score is 19 of 42
Answer Stats
Hint Answer % Correct
2001 Harry Potter and the Philosopher's Stone
95%
2002 Harry Potter and the Chamber of Secrets
92%
2009 Harry Potter and the Half-Blood Prince
92%
2004 Harry Potter and the Prisoner of Azkaban
90%
1988 Die Hard
89%
2005 Harry Potter and the Goblet of Fire
89%
2007 Harry Potter and the Order of the Phoenix
85%
2010 Harry Potter and the Deathly Hallows: Part I
82%
1991 Robin Hood: Prince of Thieves
79%
2003 Love Actually
77%
2011 Harry Potter and the Deathly Hallows: Part II
69%
1995 Sense and Sensibility
68%
1990 Truly Madly Deeply
55%
2010 Alice in Wonderland
53%
2007 Sweeney Todd: The Demon Barber of Fleet Street
53%
1999 Galaxy Quest
50%
1999 Dogma
44%
2006 Snow Cake
42%
2015 Eye in the Sky
37%
2014 A Little Chaos
35%
2008 Bottle Shock
35%
2016 Alice Through the Looking Glass
34%
2001 Blow Dry
34%
2005 The Hitchhiker's Guide to the Galaxy
34%
1995 An Awfully Big Adventure
32%
2006 Perfume: The Story of a Murderer
32%
2012 Gambit
29%
2013 CBGB
26%
2000 Help! I'm a Fish
26%
1998 Judas Kiss
26%
1994 Mesmer
26%
1998 Dark Harbor
24%
1990 Quigley Down Under
24%
2007 Nobel Son
23%
2013 A Promise
21%
1991 Close My Eyes
21%
1996 Michael Collins
21%
1991 Closet Land
19%
2013 The Butler
19%
1989 The January Man
19%
1992 Bob Roberts
18%
2001 The Search for John Gissing
16%
No matching quizzes found
Score Distribution
Percent of People with Each Score
Percentile by Number Answered
Your Score History
You have not taken this quiz since the last reset